Rozhodování v podniku /

Gespeichert in:
Bibliographische Detailangaben
1. Verfasser: Čestnější, Alexander (Verfasst von)
Format: Buch
Sprache:Tschechisch
Veröffentlicht: Praha : SNTL, 1979
Ausgabe:1.vyd.
Tags: Tag hinzufügen
Keine Tags, Fügen Sie das erste Tag hinzu!

MARC

LEADER 00000nam a22000003a 4500
001 stu35348
005 20150617225726.5
008 920415s1979----cs------------------cze-d
040 |a STU  |b slo 
041 0 |a cze 
044 |a cs 
100 1 |a Čestnější, Alexander  |4 aut 
245 1 |a Rozhodování v podniku /  |c [aut.]Alexander Čestnější 
250 |a 1.vyd. 
260 |a Praha :  |b SNTL,  |c 1979 
300 |a 174 s 
996 |b 284M013006  |c M*5153-1  |l MMKN  |s A  |a 24  |w stu35348_0002